Glossary of soil science terms

La siguiente pg̀ina web provee informacin̤ de ml͠tiples třminos sobre la ciencia del suelo.

Uloženo v:
Podrobná bibliografie
Další autoři: The Soil Science of America (SSSA)
Médium: Kniha
Jazyk:angličtina
Témata:
On-line přístup:Glossary of soil science terms
Tagy: Přidat tag
Žádné tagy, Buďte první, kdo vytvoří štítek k tomuto záznamu!

MARC

LEADER 00000nam a22000004a 4500
001 vpro3814
005 20201223000000.0
008 s2010 ck # g## #001 0#eng#d
020
022
040 |a CO-BoINGC 
041 0 |a eng 
245 1 0 |a Glossary of soil science terms 
246 |a Glosario de třminos de la ciencia de suelos 
264 |a Bogot ̀(Colombia) :  |b Revista VirtualPRO,  |c 2010 
520 3 |a La siguiente pg̀ina web provee informacin̤ de ml͠tiples třminos sobre la ciencia del suelo. 
650 \ \ |a Edafologa̕ 
650 \ \ |a Conservacin̤ de suelos 
650 \ \ |a Biologa̕ de suelos 
650 \ \ |a Anl̀isis de suelos 
650 \ \ |a Composicin̤ de suelos 
650 \ \ |a Soil science 
650 \ \ |a Soil conservation 
650 \ \ |a Soil biology 
650 \ \ |a Soil testing 
650 \ \ |a Soils composition 
650 \ \ |a Ciencia de suelos 
650 \ \ |a Glosario 
650 \ \ |a Medio ambiente 
650 \ \ |a Soil science 
650 \ \ |a Glossary 
650 \ \ |a Environment  
700 \ \ |a The Soil Science of America (SSSA) 
856 |z Glossary of soil science terms  |u https://virtualpro.unach.elogim.com/biblioteca/glosario-de-terminos-de-la-ciencia-de-suelos